| 000 | 00573nam a22001937a 4500 | ||
|---|---|---|---|
| 999 |
_c17875 _d17875 |
||
| 003 | AR-CdUCM | ||
| 008 | 190510b ||||| |||| 00| 0 spa d | ||
| 040 |
_aMUNICIPALIDAD PROVINCIAL DEL CUSCO _cBIBLIOTECA MUNICIPAL DEL CUSCO |
||
| 082 |
_a108 / _bB45 |
||
| 100 |
_aBarrio Gutierrez, José _938080 |
||
| 245 | _aBhagavad Gita o canto del bienaventurado / | ||
| 260 |
_aBuenos Aires : _bAguilar, _c1964. |
||
| 300 |
_a121 páginas ; _c16 cm. |
||
| 505 | _aLiteratura. | ||
| 650 |
_aMeditación. _916920 |
||
| 650 |
_aYoga. _913008 |
||
| 942 |
_2ddc _cLIBROS |
||
| 945 | _awfj | ||